000 00683cam a2200217 4500
008 040804n2004 000 0 eng u
035 _a(Sirsi) u127012
245 _aFocus 2: Northamptonshire
260 _c2004
490 _aEstates Gazette
_v(0430) 24 July 2004,
590 _aABS
650 _aNORTHAMPTONSHIRE
650 _aCORBY
650 _aNORTHAMPTON
650 _aWELLINGBOROUGH
650 _aPROPERTY-COMMERCIAL PROPERTY-OFFICE PROPERTY-OFFICE PROPERTY MARKET
650 _aPROPERTY-COMMERCIAL PROPERTY-RETAIL PROPERTY-RETAIL PROPERTY MARKET
650 _aINDUSTRIAL MARKET
690 _aPROPERTY-COMMERCIAL PROPERTY-COMMERCIAL PROPERTY MARKET
942 _n0
999 _c74490
_d74490